Ciudades españolas declaradas Patrimonio de la Humanidad - Estadísticas

Estadísticas generales
  • Esta prueba ha sido intentada 947 veces
  • La puntuación promedio es 9 de 15
Estadísticas de respuestas
Hint Respuesta % Correcto
Córdoba
83%
Toledo
83%
Santiago de Compostela
79%
Segovia
78%
Salamanca
76%
Ávila
70%
Mérida
68%
Cáceres
66%
Cuenca
63%
Tarragona
54%
Alcalá de Henares
51%
Úbeda
48%
Baeza
46%
Ibiza
40%
San Cristóbal de la Laguna
36%
No se encontraron pruebas coincidentes
Distribución de puntuación
Porcentaje de gente con cada puntuación
Porcentaje por número respondido
Historial de tus puntuaciones
No has intentado esta prueba.